Los mejores cuentos policiales

সংরক্ষণ করুন:
গ্রন্থ-পঞ্জীর বিবরন
প্রধান লেখক: Borges, Jorge Luis (autor), Bioy Casarés, Adolfo (Author), Hawthorne, Nathaniel (Author), Poe, Edgar Allan (Author), Stevenson, Robert Louis (Author), Conan Doyle, Arthur (Author), Apollinaire, Guillaume (Author), Chesterton, Gilbert Keith (Author), Simenon, Georges (Author)
অন্যান্য লেখক: London, Jack (autor)
বিন্যাস: গ্রন্থ
ভাষা:স্প্যানিশ
প্রকাশিত: Buenos Aires Emecé editores 1943
সংস্করন:1a. ed
বিষয়গুলি:
ট্যাগগুলো: ট্যাগ যুক্ত করুন
কোনো ট্যাগ নেই, প্রথমজন হিসাবে ট্যাগ করুন!

MARC

LEADER 00000nam a2200000 a 4500
001 UCJ5312
003 CL-VaPUC
008 070124e19431212AG |||||||||||||||||spa|d
082 0 4 |a 823  |b BOR  |2 21 
100 |a Borges, Jorge Luis  |e autor  |9 322093 
700 0 |a Bioy Casarés, Adolfo  |e author  |9 510373 
700 0 |a Hawthorne, Nathaniel  |e author  |9 371935 
700 |a Poe, Edgar Allan  |e author  |9 313715 
700 0 |a Stevenson, Robert Louis  |e author  |9 348874 
700 0 |a Conan Doyle, Arthur  |e author  |9 510374 
700 |a London, Jack  |e autor  |9 342822 
700 |a Apollinaire, Guillaume  |e author  |9 585161 
700 0 |a Chesterton, Gilbert Keith  |e author  |9 347361 
700 0 |a Simenon, Georges  |e author  |9 510376 
245 1 4 |a Los mejores cuentos policiales 
246 1 3 |a La muerte repetida 
246 1 3 |a La carta robada 
246 1 3 |a La puerta y el pino 
246 1 3 |a La liga de los cabezas rojas 
246 1 4 |a Las muertes concéntricas 
246 1 3 |a El marinero de Amsterdam 
246 1 3 |a El honor de Israel Gow 
246 1 3 |a La noche de los siete minutos 
250 |a 1a. ed 
300 |a 293 p 
942 |c BK 
945 |d 20070124 00:00:00  |a rinostro 
260 |a Buenos Aires  |b Emecé editores  |c 1943 
650 7 |a CUENTO ESTADOUNIDENSE  |2 CL-VaPUC  |9 369940 
650 7 |a CUENTO INGLES  |2 CL-VaPUC  |9 509625 
650 0 |a Antología   |9 327336 
583 |a last modification  |c 20120504 01:43:25  |k Rodrigo Vera 
999 |c 321422  |d 321420 
952 |0 0  |1 0  |4 0  |6 823_000000000000000_BOR_1943  |7 0  |8 X  |9 400153  |a FDOBUD  |b FDOBUD  |d 2019-11-22  |i 103278K  |o 823 BOR 1943  |p 103278K  |r 2019-11-22  |w 2019-11-22  |y BK_X  |k BUD